Christophe Maé - On s'attache - Paroles - Statistiques

Statistiques générales
  • Ce quiz a été pris 726 fois
  • Le résultat moyen est 165 sur 223
Statistiques - réponses
Réponse % Correct
à
100%
s'
99%
l'
98%
on
97%
pas
97%
t'
97%
attache
96%
et
96%
n'
96%
j'
95%
m'
95%
qu'
95%
un
95%
ai
94%
il
94%
le
93%
une
93%
avec
92%
empoisonne
92%
faut
91%
nous
91%
qui
91%
illusionne
90%
mais
90%
pour
89%
flèche
88%
style
88%
que
86%
c'est
84%
du
84%
je
83%
de
82%
me
82%
qu'on
81%
idéal
80%
rien
80%
empêche
79%
non
79%
pourtant
79%
suis
79%
es
78%
abandonne
77%
autant
77%
amour
76%
emprisonne
76%
gendre
76%
hostile
74%
j'ai
74%
moi
74%
contre
73%
uniforme
73%
costard
72%
intégrale
72%
plutôt
72%
même
71%
James
68%
Bond
67%
entouré
66%
aime
65%
belles
65%
blondes
65%
mon
61%
homme
60%
questionne
60%
ça
59%
ne
59%
fil
58%
la
58%
les
58%
espionne
57%
profil
57%
serais
56%
toujours
54%
tour
54%
attends
53%
l'impression
53%
sur
52%
tu
52%
chef
51%
aurai
49%
d'un
49%
fait
48%
normal
48%
mal
47%
oreiller
47%
plus
47%
papillonnent
45%
envie
43%
hommes
41%
dans
39%
dans
39%
t'es
39%
quotidien
34%
tout
34%
tue
34%
veux
30%
sais
29%
après
28%
chaque
28%
comme
28%
fois
28%
tient
27%
enfiles
24%
oncle
24%
tom
23%
dépasses
21%
case
20%
album
18%
faire
18%
vivre
17%
laisse
16%
retrouver
15%
Dalton
11%
resquilles
11%
grand-papa
2%
Aucun quiz correspondant
Distribution des résultats
% des personnes avec chaque résultat
Percentile par nombre de réponses
Votre historique - résultats
Vous n’avez pas pris ce quiz